The city

Αποθηκεύτηκε σε:
Λεπτομέρειες βιβλιογραφικής εγγραφής
Κύριος συγγραφέας: Stevenson, Deborah 1958-
Μορφή: Βιβλίο
Γλώσσα:English
Δημοσίευση: Cambridge, UK ; Malden, MA : Polity, 2013.
Σειρά:Key concepts
Θέματα:
Ετικέτες: Προσθήκη ετικέτας
Δεν υπάρχουν, Καταχωρήστε ετικέτα πρώτοι!

MARC

LEADER 00000nam a2200000 a 4500
001 1/107206
008 150703s2013####xxk| ||| |||| ||eng||
020 |a 9780745648903  
040 |a GR-MyUa  |b gre  |c GR-MyUa  |e AACR2 
041 0 |a eng 
082 7 |a 307.76   |2 (23)  
100 1 |a Stevenson, Deborah  |d 1958- 
245 1 4 |a The city /   |c Deborah Stevenson.  
260 |a Cambridge, UK ;   |a Malden, MA :   |b Polity,   |c 2013.  
300 |a xi, 203 σ. :   |b εικ. ;   |c 22 εκ.  
490 1 |a (Key concepts)  
504 |a Περιλαμβάνει βιβλιογραφά (σ. [178]-194) και ευρετήριο.  
650 0 |a Cities and towns  |x Social aspects. 
650 0 |a Sociology, Urban. 
830 0 |a Key concepts 
852 |a INST  |b LESVOS  |c BK  |e 20150703  |h 307.76 STE  |p 005100057005  |q 005100057005  |t BK  |y 0 
922 |a 1ΕΛΗ  |b 2015-04  |c Τμήμα Γεωγραφίας   |d Διαδρομές 
970 |a Τζαφέρη   |b Ευαγγελία  |z 03-07-2015